LEADER 01004nam a2200205 i 4500 001 000000193840 003 CaOOAMICUS 005 20101029000000.0 008 101029s1901 it u000 u ita u 013 $a172484 040 $aSeMil$bita 100 1 $aRobilant, Luigi Nicolis : di <1870-1904>.$0(OLS)http://semarc/name/18784 245 13$aUn prete di ieri, il canonico Stanislao Gazelli di Rossana e S. Sebastiano :$bcon documenti inediti /$csac. Luigi di Robilant. 260 $aTorino :$bTipografia salesiana,$c1901. 300 $aX, 458 p., [1] p. di ritratto ;$c24 cm. 650 4$aGazelli, Stanislao .$0(OLS)http://semarc/subject/36413 850 $aSeMil 852 $aSeMil$W1$xVenegono$y1$m3J IV 30$j144414$B144414$CSeMilBibl$Z2$F155758 $81 996 $6245$aUn prete di ieri, il canonico Stanislao Gazelli di Rossana e S. Sebastiano :$bcon documenti inediti$9(OLS)http://semarc/title/279476 996 $6260$aTorino :$bTipografia salesiana$9(OLS)http://semarc/publisher/37035 LEADER 01047nam a2200217 i 4500 001 000000202505 003 CaOOAMICUS 005 20110525000000.0 008 110525s1916 it u000 u fre u 013 $a181215 040 $aSeMil$bita 100 1 $aMancey, Claude.$0(OLS)http://semarc/name/73174 245 10$aGuerre de 1914. Un Coin de Province a l'avant, Jean-Louis, Le petit Français /$cClaude Mancey ; Préface de M. Émile Faguet de l'Académie Française. 260 $aParis :$bLethielleux, libraire-éditeur,$c1916. 300 $a158 p. ;$c18 cm. 650 4$aGuerra mondiale <1914-1918> - Francia.$0(OLS)http://semarc/subject/38087 700 1 $aFaguet, Émile,$d<1847-1916>.$0(OLS)http://semarc/name/1180 850 $aSeMil 852 $aSeMil$W1$xVenegono$y1$m3U I 86$j153028$B153028$CSeMilBibl$Z2$F164022 $81 996 $6245$aGuerre de 1914. Un Coin de Province a l'avant, Jean-Louis, Le petit Français$9(OLS)http://semarc/title/293157 996 $6260$aParis :$bLethielleux, libraire-éditeur$9(OLS)http://semarc/publisher/30029